Знання як соціально-економічний чинник розвитку інформаційного суспільства (Запис № 459569)
[ простий вигляд ]
| 000 -Лідер | |
|---|---|
| fixed length control field | 03623nam a22002657a 4500 |
| 001 - Контрольний номер | |
| control field | 216218635 |
| 003 - Ідентифікатор контрольного номера | |
| control field | UA-OsUOA |
| 005 - Дата та час останнього входження (трансакції) | |
| control field | 20201121223512.0 |
| 008 - Елементи даних фіксованої довжини – загальна інформація | |
| fixed length control field | 200615b un ||||| m||| 00| 0 ukr d |
| 040 ## - Джерело каталогізації | |
| Агенція оригінальної каталогізації | UA-OsUOA |
| Мова каталогізації | ukr |
| Агенція, яка здійснювала перезапис | UA-OsUOA |
| Агенція, яка здійснювала модифікацію | UA-OsUOA |
| 041 ## - Код мови | |
| Код мови тексту/ звукової доріжки чи окремого заголовка (П) | ukr |
| 080 ## - Індекс Універсальної десяткової класифікації | |
| Індекс Універсальної десяткової класифікації (УДК) (НП) | 1:3+316.3 |
| 090 ## - Локальний шифр розміщення | |
| Класифікаційний індекс УДК | 1:3+316.3 |
| 095 ## - Код спеціальності для авторефератів | |
| Код спеціальності | 09.00.03 |
| Назва спеціальності | соціальна філософія та філософія історії |
| 100 ## - Основне введення – ім’я особи | |
| Ім’я особи (НП) | Брюховецький М. М. |
| 245 ## - Відомості про назву | |
| Назва (НП) | Знання як соціально-економічний чинник розвитку інформаційного суспільства |
| Дані про відповідальність (НП) | Брюховецький Микола Миколайович ; наук. керівник Шрамко Ярослав Владиславович |
| 260 ## - Публікація, розповсюдження і т.п. (Вихідні дані) | |
| Місце публікації, розповсюдження і т.п. (П) | Дніпро |
| Дата публікації, розповсюдження і т.п. (П) | 2018 |
| 300 ## - Фізичний опис | |
| Обсяг | 22 с. |
| 502 ## - Примітка про дисертацію | |
| Зв'язок | Автореферат дисертації на здобуття наукового ступеня кандидата філософських наук<br/> |
| Наймення інституції, що представляється | Дніпровський національний університет імені Олеся Гончара |
| Рік отримання вченого ступеня | 2018 |
| 520 ## - Резюме і т.п. | |
| Резюме, реферат, анотація, тощо (НП) | У дисертації досліджується вплив знання як соціально-економічного чинника розвитку інформаційного суспільства в різних його проявах (суб’єктивному, кодифікованому, матеріалізованому) на такі складові елементи виробництва як засоби праці, продукт праці та предмет праці. Фіксується тенденція поглиблення зв’язку знання із вказаними елементами виробництва на стадії інформаційного суспільства, порівняно з попередніми епохами розвитку суспільства. Здійснюється спроба через зростаючу роль знання в предметі праці обґрунтувати еволюцію праці з фізичної в бік інтелектуальної та стрімке розповсюдження останньої в інформаційному суспільстві. Робиться висновок, що зростаючий зв'язок знання з елементами виробництва та поширення інтелектуальної праці призводять до ряду соціальних наслідків, серед яких майже повна неможливість експлуатації в умовах домінування інтелектуальної праці, переосмислення традиційного соціального і правового поняття власності при відході від виключно матеріального розуміння засобів, продукту і предмету праці, а також переосмислення функції капіталіста, як власника засобів і продуктів праці, постачальника предмета праці у виробництво, а отже і організатора виробництва взагалі. |
| 650 ## - Додаткове предметне введення – тематичний термін | |
| Джерело заголовка чи терміна | UDC |
| Тематичний термін чи географічна назва, як елемент введення (НП) | Філософія. Психологія |
| 942 ## - Додаткові елементи входу (Коха) | |
| Source of classification or shelving scheme | Universal Decimal Classification |
| Тип елемента Koha | Автореферат |
| 955 ## - Код типу видання за змістом | |
| Код типу видання за змістом (НП) | Наукові видання |
Немає доступних примірників.